000 00345nam a2200133Ia 4500
008 240624s9999 xx 000 0 und d
041 _aeng
082 _a658.404 KLO
100 _aKLOPPENBORG TIMOTHY J
245 _aCONTEMPORARY PROJECT MANAGEMENT
260 _c2011
_aAndover
_bCengage Learning
300 _a436 : p. : cm. ; 26
365 _cRS
999 _c20431
_d20431